Law of tort

Bibliographic Details
Main Author: Harpwood, Vivienne
Format: Book
Published: London : Cavendish Publishing Limited , 1993
Series:Lecture Note Series
Subjects:

MARC

LEADER 00000cam a2200000 7i4500
001 0000008281
002 000009029
005 20071224.0
020 |a 1874241716 
090 0 0 |a 344.2063   |b HAR 
100 1 |a Harpwood, Vivienne 
245 1 0 |a Law of tort   |c Vivienne Harpwood 
260 |a London :   |b Cavendish Publishing Limited ,   |c 1993 
300 |a 349p. ;   |c 24cm. 
490 0 |a Lecture Note Series 
650 0 0 |a Torts 
999 |a 047529   |b BUKU   |c PINJAMAN   |e PERPUSTAKAAN KOMUNITI PETALING JAYA